Albuns Enrico - All Time - Statistics

General Stats
  • This quiz has been taken 6 times
    2 since last reset
  • The average score is 22 of 30
Answer Stats
Posição Streams ????? Álbum % Correct
23 135 (+2) Abba Gold
100%
18 205 NEW! Addison
100%
5 425 (+1) Artpop
100%
12 266 (-2) Bangerz
100%
2 822 (-1) Born This Way
100%
22 149 (-5) Born To Die
100%
28 114 NEW! Cansei de Ser Sexy
100%
3 440 (+3) Chromatica
100%
29 112 NEW! Confessions on a Dancefloor
100%
6 413 (-3) Endless Summer Vacation
100%
10 303 (-3) Escândalo Íntimo
100%
4 436 (=) Funk Generation
100%
13 258 (+2) Harlequin
100%
19 191 (+2) Joanne
100%
1 1.046 (+1) Mayhem
100%
16 248 (-3) Plastic Hearts
100%
15 249 NEW! Something Beautiful
100%
7 367 (+2) The Fame
100%
9 307 (+4) The Fame Monster
100%
17 228 (-3) Cry Baby
50%
30 107 NEW! Guts
50%
11 282 (-3) Miley Cyrus & Her Dead Petz
50%
14 253 (-2) Ocean Eyes
50%
24 130 NEW! Princess of Power
50%
21 152 (-3) Something to Give Each Other
50%
25 124 (-6) 143
0%
20 158 (-1) ATTENTION: MILEY LIVE
0%
26 120 NEW! Hold The Girl
0%
8 307 NEW! The Supporting Actor in My Own Life Spin-Off Show
0%
27 115 NEW! With Orchestra
0%
No matching quizzes found
Score Distribution
Percent of People with Each Score
Percentile by Number Answered
Your Score History
You have not taken this quiz since the last reset